000 00306nam a22001337a 4500
008 180125b xxu||||| |||| 00| 0 eng d
020 _a9780190216030
041 _aeng
080 _a32
100 _a19
101 _aPOL
245 _aAmerican government in black and white
_cClain,P.D
942 _2udc
_cBK
999 _c40929
_d40929